US-Staaten nach Nachbarhauptstädten - Statistiken

Allgemein
  • Dieses Quiz wurde 14 mal gespielt
  • Das Durchschnittsergebnis liegt bei 17 aus 20
Antwortstatistiken
Nachbarhauptstädte US-Staat % Korrekt
Carson City, Sacramento, Salt Lake City, Santa Fe Arizona
100%
Austin, Baton Rouge, Jackson, Jefferson City, Nashville, Oklahoma City Arkansas
100%
Cheyenne, Oklahoma City, Phoenix, Salt Lake City, Santa Fe, Topeka Colorado
100%
Atlanta, Montgomery Florida
100%
Des Moines, Frankfort, Indianapolis, Jefferson City, Madison Illinois
100%
Carson City, Phoenix, Salem Kalifornien
100%
Denver, Jefferson City, Lincoln, Oklahoma City Kansas
100%
Columbus, Charleston, Jefferson City, Indianapolis, Nashville, Richmond, Springfield Kentucky
100%
Concord Maine
100%
Columbus, Indianapolis, Madison Michigan
100%
Des Moines, Frankfort, Lincoln, Little Rock, Nashville, Oklahoma City, Springfield, Topeka Missouri
100%
Boise, Phoenix, Sacramento, Salem, Salt Lake City Nevada
100%
Augusta, Boston, Montpelier New Hampshire
100%
Albany, Dover, Harrisburg New Jersey
100%
Austin, Denver, Oklahoma City, Phoenix New Mexico
100%
Boston, Harrisburg, Hartford, Montpelier, Trenton New York
100%
Austin, Denver, Jefferson City, Little Rock, Santa Fe, Topeka Oklahoma
100%
Albany, Annapolis, Charleston, Columbus, Dover, Trenton Pennsylvania
100%
Boston, Hartford Rhode Island
100%
Bismarck, Cheyenne, Des Moines, Helena, Lincoln, Saint Paul South Dakota
100%
Baton Rouge, Little Rock, Oklahoma City, Santa Fe Texas
100%
Albany, Boston, Concord Vermont
100%
Boise, Salem Washington
100%
Des Moines, Lansing, Saint Paul, Springfield Wisconsin
100%
Boise, Denver, Helena, Lincoln, Pierre, Salt Lake City Wyoming
100%
Annapolis, Harrisburg, Trenton Delaware
83%
Bismarck, Boise, Cheyenne, Pierre Montana
83%
Cheyenne, Denver, Des Moines, Jefferson City, Pierre, Topeka Nebraska
83%
Boise, Carson City, Cheyenne, Denver, Phoenix Utah
83%
Columbus, Frankfort, Lansing, Springfield Indiana
80%
Jefferson City, Lincoln, Madison, Pierre, Saint Paul, Springfield Iowa
80%
Atlanta, Columbia, Nashville, Richmond North Carolina
80%
Atlanta, Raleigh South Carolina
80%
Atlanta, Jackson, Nashville, Tallahassee Alabama
75%
Carson City, Cheyenne, Helena, Olympia, Salem, Salt Lake City Idaho
75%
Charleston, Frankfort, Harrisburg, Indianapolis, Lansing Ohio
75%
Atlanta, Frankfort, Jackson, Jefferson City, Little Rock, Montgomery, Raleigh, Richmond Tennessee
75%
Albany, Concord, Hartford, Montpelier, Providence Massachusetts
67%
Baton Rouge, Little Rock, Montgomery, Nashville Mississippi
67%
Helena, Pierre, Saint Paul North Dakota
67%
Annapolis, Charleston, Frankfort, Nashville, Raleigh Virginia
67%
Austin, Jackson, Little Rock Louisiana
60%
Albany, Boston, Providence Connecticut
50%
Columbia, Montgomery, Nashville, Raleigh, Tallahassee Georgia
50%
Bismarck, Des Moines, Madison, Pierre Minnesota
50%
Boise, Carson City, Olympia, Sacramento Oregon
50%
Annapolis, Columbus, Frankfort, Harrisburg, Richmond West Virginia
50%
Charleston, Dover, Harrisburg, Richmond Maryland
33%
Keine übereinstimmenden Quizze gefunden
Verteilung der Resultate
Anzahl Personen mit jedem Resultat
Perzentil nach korrekt beantworteten Fragen
Ihre Resultats-Entwicklung
Sie haben dieses Quiz noch nicht gespielt